[Event "Windsor NAYCC U14"]
[Site "Windsor"]
[Date "2016.08.11"]
[Round "8.78"]
[White "Hou, Frank Gui"]
[Black "Cui, Kevin"]
[Result "1/2-1/2"]
[WhiteElo "1295"]
[BlackElo "1204"]
[PlyCount "32"]
[EventDate "2016.08.07"]
[EventType "swiss"]
[EventRounds "9"]
[EventCountry "CAN"]
[SourceTitle "EXT 2022"]
[Source "ChessBase"]
[SourceDate "2021.10.06"]
[SourceVersion "1"]
[SourceVersionDate "2021.10.06"]
[SourceQuality "1"]

1. e4 c5 2. Nf3 d6 3. d4 cxd4 4. Nxd4 Nf6 5. Nc3 g6 6. Be3 Bg7 7. Qd2 Ng4 8. Be2 Nxe3 9. Qxe3 0-0 10. h4 h5 11. Bd3 Nc6 12. Nde2 Nb4 13. a3 Nxd3+ 14. Qxd3 Re8 15. 0-0-0 Bd7 16. Qd5 Bc6 1/2-1/2

[Event "Windsor NAYCC U14"]
[Site "Windsor"]
[Date "2016.08.10"]
[Round "7.77"]
[White "Guan, Zi Yu"]
[Black "Cui, Kevin"]
[Result "1-0"]
[WhiteElo "1513"]
[BlackElo "1204"]
[PlyCount "49"]
[EventDate "2016.08.07"]
[EventType "swiss"]
[EventRounds "9"]
[EventCountry "CAN"]
[SourceTitle "EXT 2022"]
[Source "ChessBase"]
[SourceDate "2021.10.06"]
[SourceVersion "1"]
[SourceVersionDate "2021.10.06"]
[SourceQuality "1"]

1. e4 c5 2. Nf3 d6 3. d4 cxd4 4. Nxd4 Nf6 5. Nc3 g6 6. Bc4 Bg7 7. f3 0-0 8. Be3 Nc6 9. Qd2 Bd7 10. 0-0-0 Rc8 11. Bb3 a6 12. g4 Ne5 13. h4 h5 14. gxh5 Nxh5 15. Bh6 Nc4 16. Bxc4 Rxc4 17. Bxg7 Kxg7 18. Rdg1 b5 19. Nb3 a5 20. Rg5 b4 21. Rxh5 gxh5 22. Qg5+ Kh7 23. Qxh5+ Kg7 24. Rg1+ Kf6 25. Qg5+ 1-0

[Event "Canadian op U1200"]
[Site "Windsor"]
[Date "2016.07.12"]
[Round "3.52"]
[White "Cui, Kevin"]
[Black "Gaisinsky, Jacob"]
[Result "1-0"]
[WhiteElo "1203"]
[BlackElo "1019"]
[PlyCount "29"]
[EventDate "2016.07.10"]
[EventType "swiss"]
[EventRounds "9"]
[EventCountry "CAN"]
[SourceTitle "EXT 2022"]
[Source "ChessBase"]
[SourceDate "2021.10.06"]
[SourceVersion "1"]
[SourceVersionDate "2021.10.06"]
[SourceQuality "1"]

1. e4 e5 2. Nf3 Nc6 3. d4 exd4 4. Bc4 Nf6 5. e5 d5 6. Bb5 Ne4 7. 0-0 Bc5 8. Nxd4 Bd7 9. Nf3 0-0 10. Bf4 Rc8 11. Be2 f6 12. Qxd5+ Be6 13. Qxe6+ Rf7 14. exf6 Nxf6 15. Ng5 1-0

[Event "CAN-ch U14"]
[Site "Windsor"]
[Date "2016.07.07"]
[Round "5.26"]
[White "Cui, Kevin"]
[Black "Surya, Benito"]
[Result "0-1"]
[WhiteElo "1182"]
[BlackElo "2001"]
[PlyCount "92"]
[EventDate "2016.07.05"]
[EventType "swiss"]
[EventRounds "7"]
[EventCountry "CAN"]
[SourceTitle "EXT 2022"]
[Source "ChessBase"]
[SourceDate "2021.10.06"]
[SourceVersion "1"]
[SourceVersionDate "2021.10.06"]
[SourceQuality "1"]

1. e4 d5 2. exd5 Qxd5 3. Nc3 Qa5 4. Nf3 Nf6 5. Be2 Nc6 6. 0-0 Bg4 7. d3 0-0-0 8. Be3 e6 9. Nd2 Bxe2 10. Qxe2 h5 11. Nc4 Qf5 12. a3 g5 13. b4 Bg7 14. Rab1 Nd4 15. Qd2 g4 16. Ne2 Nxe2+ 17. Qxe2 Nd5 18. Bd2 Rhg8 19. Ne3 Nf4 20. Qd1 Qg6 21. g3 Nh3+ 22. Kg2 f5 23. Nc4 h4 24. Qe2 hxg3 25. fxg3 Bh6 26. Rbe1 Bxd2 27. Qxd2 Ng5 28. Qf4 Nf3 29. Re2 Qh5 30. Rh1 Nd4 31. Rf2 Qh3+ 32. Kg1 Nf3+ 33. Rxf3 gxf3 34. Qxf3 Qg4 35. Qf1 Qd4+ 36. Kg2 f4 37. Qe1 Qd5+ 38. Kf2 fxg3+ 39. hxg3 Rdf8+ 40. Kg1 Qd4+ 41. Kg2 Qd5+ 42. Kg1 Rh8 43. Rxh8 Rxh8 44. Kf2 b5 45. Ne3 Rh2+ 46. Ng2 Rxg2+ 0-1

[Event "CAN-ch U14"]
[Site "Windsor"]
[Date "2016.07.07"]
[Round "4.33"]
[White "Zhang, Kevin3333"]
[Black "Cui, Kevin"]
[Result "0-1"]
[WhiteElo "810"]
[BlackElo "1182"]
[PlyCount "136"]
[EventDate "2016.07.05"]
[EventType "swiss"]
[EventRounds "7"]
[EventCountry "CAN"]
[SourceTitle "EXT 2022"]
[Source "ChessBase"]
[SourceDate "2021.10.06"]
[SourceVersion "1"]
[SourceVersionDate "2021.10.06"]
[SourceQuality "1"]

1. e4 c5 2. Nf3 d6 3. d4 cxd4 4. Nxd4 Nf6 5. Nc3 g6 6. Bc4 Bg7 7. 0-0 0-0 8. Bg5 Bd7 9. Re1 Nc6 10. Nf3 Bg4 11. Qd3 Nb4 12. Qe2 Rc8 13. a3 Rxc4 14. axb4 Rxb4 15. b3 a6 16. Rad1 Qc7 17. Bxf6 Bxf6 18. Nd5 Qa5 19. Nxb4 Qxb4 20. Qe3 Rc8 21. c4 b5 22. cxb5 axb5 23. Qf4 Be6 24. Re3 Rc3 25. Rxc3 Qxc3 26. Ng5 Bxb3 27. Rc1 Qd3 28. h3 Be5 29. Qh4 h5 30. Nf3 Bf6 31. Qf4 Be6 32. e5 dxe5 33. Nxe5 Qd6 34. Re1 b4 35. Qe3 b3 36. Nd3 Bf5 37. Nb2 Bc2 38. Nc4 Qb4 39. Qe2 Bd3 40. Nb2 Bxb2 41. Qxe7 Qxe7 42. Rxe7 Bf6 43. Rd7 Bf5 44. Rb7 b2 45. g4 hxg4 46. hxg4 Bxg4 47. Rb6 Bg7 48. Rb8+ Kh7 49. Rb4 Bf5 50. Rh4+ Bh6 51. Rb4 b1Q+ 52. Rxb1 Bxb1 53. Kg2 Kg7 54. Kf3 Kf6 55. Kg4 Bd2 56. Kg3 Be1 57. Kf3 Kf5 58. Ke2 Bxf2 59. Kxf2 Kg4 60. Ke2 Kg3 61. Kf1 g5 62. Kg1 f5 63. Kf1 f4 64. Ke2 Kg2 65. Ke1 f3 66. Kd2 f2 67. Ke2 f1Q+ 68. Ke3 Qd3# 0-1

[Event "CAN-ch U14"]
[Site "Windsor"]
[Date "2016.07.06"]
[Round "3.33"]
[White "Cui, Kevin"]
[Black "Ju, Lawrence"]
[Result "1/2-1/2"]
[WhiteElo "1182"]
[BlackElo "1666"]
[PlyCount "80"]
[EventDate "2016.07.05"]
[EventType "swiss"]
[EventRounds "7"]
[EventCountry "CAN"]
[SourceTitle "EXT 2022"]
[Source "ChessBase"]
[SourceDate "2021.10.06"]
[SourceVersion "1"]
[SourceVersionDate "2021.10.06"]
[SourceQuality "1"]

1. e4 c5 2. Nf3 Nc6 3. d4 cxd4 4. Nxd4 g6 5. Nc3 Bg7 6. Be3 Nf6 7. Qd2 0-0 8. Bc4 Ng4 9. Nb3 Nxe3 10. Qxe3 Ne5 11. Be2 d6 12. 0-0-0 Ng4 13. Qg3 Ne5 14. Kb1 Qc7 15. f4 Nc6 16. h4 h5 17. f5 Be5 18. Qe3 Qb6 19. Qd2 Bxc3 20. bxc3 Qf2 21. g4 hxg4 22. h5 gxf5 23. exf5 Qxf5 24. Bxg4 Qf6 25. Bxc8 Raxc8 26. Rdf1 Qe6 27. Nd4 Nxd4 28. Qxd4 Qe5 29. Qg1+ Kh7 30. Rf3 Qd5 31. Qg3 Rxc3 32. h6 Rg8 33. Qxg8+ Kxg8 34. Rg1+ Kh7 35. Rxc3 Qd4 36. Rcg3 Qb4+ 37. Ka1 Qd4+ 38. c3 Qc5 39. Rg7+ Kxh6 40. R7g3 Qh5 1/2-1/2

[Event "CAN-ch U12"]
[Site "Windsor"]
[Date "2015.07.08"]
[Round "5.66"]
[White "Cui, Kevin"]
[Black "Wang, Kevin"]
[Result "0-1"]
[WhiteElo "1185"]
[BlackElo "724"]
[PlyCount "60"]
[EventDate "2015.07.06"]
[EventType "swiss"]
[EventRounds "7"]
[EventCountry "CAN"]
[SourceTitle "EXT 2022"]
[Source "ChessBase"]
[SourceDate "2021.10.06"]
[SourceVersion "1"]
[SourceVersionDate "2021.10.06"]
[SourceQuality "1"]

1. e4 e5 2. Nf3 Nc6 3. d4 exd4 4. Bc4 Nf6 5. e5 Ng4 6. Bf4 Bc5 7. h3 Nh6 8. 0-0 Nf5 9. Bd3 Nfe7 10. Bg5 h6 11. Bh4 d6 12. exd6 Qxd6 13. Re1 0-0 14. Nbd2 Be6 15. Ne4 Qd5 16. Nxc5 Qxc5 17. Qd2 Ng6 18. Bxg6 fxg6 19. Rxe6 Qd5 20. Rxg6 Kh7 21. Qd3 Kg8 22. Qb3 Qxb3 23. axb3 Nb4 24. Be7 Nxc2 25. Rc1 Rfe8 26. Rxc2 Rxe7 27. Nxd4 c6 28. Nf5 Rd7 29. Kf1 Re8 30. Re2 Rd1+ 0-1

[Event "CAN-ch U12"]
[Site "Windsor"]
[Date "2015.07.07"]
[Round "3.68"]
[White "Cui, Kevin"]
[Black "Zhang, Kevin3333"]
[Result "0-1"]
[WhiteElo "1185"]
[BlackElo "539"]
[PlyCount "134"]
[EventDate "2015.07.06"]
[EventType "swiss"]
[EventRounds "7"]
[EventCountry "CAN"]
[SourceTitle "EXT 2022"]
[Source "ChessBase"]
[SourceDate "2021.10.06"]
[SourceVersion "1"]
[SourceVersionDate "2021.10.06"]
[SourceQuality "1"]

1. e4 e5 2. Nf3 Nc6 3. d4 exd4 4. Bc4 Bc5 5. c3 d3 6. Qxd3 Nf6 7. Bg5 0-0 8. e5 Re8 9. 0-0 Nxe5 10. Nxe5 Rxe5 11. Bh4 d5 12. Bb3 Bf5 13. Qg3 Re4 14. Bxd5 Qxd5 15. Bxf6 Rg4 16. Qh3 Rg6 17. Qg3 Rxg3 18. hxg3 gxf6 19. b4 Bb6 20. Na3 Bd7 21. c4 Qd4 22. c5 Bxc5 23. bxc5 Qxc5 24. Nb1 Bc6 25. Nd2 Re8 26. Rad1 Re5 27. Nf3 Bxf3 28. gxf3 Rd5 29. Rc1 Qb6 30. Rfe1 Re5 31. Red1 Kg7 32. Rc4 Re2 33. Rg4+ Kf8 34. Rf1 Rxa2 35. Rh4 Qb2 36. Rxh7 Ra1 37. Rh8+ Ke7 38. Rc8 Kd7 39. Rf8 Rxf1+ 40. Kxf1 Qb1+ 41. Kg2 Qh7 42. Ra8 a6 43. Rb8 Kc6 44. Rd8 b5 45. Rd2 b4 46. Ra2 Kb5 47. Rd2 c5 48. Rd6 f5 49. Rd7 f4 50. Rb7+ Kc4 51. Ra7 fxg3 52. fxg3 Qc2+ 53. Kh3 Qf2 54. Rxf7 b3 55. g4 Qf1+ 56. Kh4 Qe1+ 57. Kg5 Qe5+ 58. Kg6 Qe6+ 59. Rf6 Qg8+ 60. Kh6 b2 61. Rb6 Qf8+ 62. Kh5 Qe8+ 63. Kh6 Kc3 64. g5 Qe3 65. Kh5 c4 66. Rb8 Kc2 67. g6 Qe5+ 0-1